• 首页
  • 本馆介绍
  • 公告通知
  • 最新文献
  • 馆藏检索
  • 电子资源
  • 读者导购
  • 参考咨询
  • 我的图书馆
  • 登录
  • 详细信息显示
  • 放入我的书架
  • 预约/预借图书
  • 作者相关作品
  • 分类相关作品
  • 丛书相关作品
  • 出版社相关作品

书目信息

  • 表格格式
  • 工作单格式
  • 卡片格式
题名:
顶级教练教你踢足球
    
 
作者: 布克斯顿 著 ;戴中明 译
分册:  
出版信息: 南京   江苏科学技术出版社  2003
页数: 128页
开本: 19cm
丛书名: 运动系列
单 册:
中图分类: G843.19
科图分类:
主题词: 足球运动--基本知识--基本技巧
电子资源:
ISBN: 7-5345-3783-5
000 00888oam2 2200253 45
001 002330520
005 20050225080754.4
010    @a7-5345-3783-5@dCNY20.00
100    @a20030616d2003 em y0chiy50 ea
101 1  @achi@ceng
102    @aCN@b320000
105    @aa z 000yy
200 1  @a顶级教练教你踢足球@Ading ji jiao lian jiao ni ti zu qiu@f(英)泰德·布克斯顿等著@F(Ying)Tai De·Bu Ke Si Dun Deng Zhu@g戴中明译
210    @a南京@c江苏科学技术出版社@d2003
215    @a128页@c图@d19cm
225 2  @a运动系列
330    @a本书图文并茂地讲解了足球运动中的技巧。内容包括热身与伸展;上体伸展运动;整理活动;比赛淡季的训练;赛季前的常规训练等。
410    @12001 @a运动系列
606 0  @a足球运动@x基本知识@x基本技巧
690    @aG843.19@v4
701  0 @a布克斯顿@4著
702  0 @a戴中明@ADai Zhong Ming@4译
801  0 @aCN@bNLC@c20030912
905    @b342572-576@dG843.19@e189@f5
    
    顶级教练教你踢足球/(英)泰德·布克斯顿等著/戴中明译.-南京:江苏科学技术出版社,2003
    128页:图;19cm.-(运动系列)
    
    
    ISBN 7-5345-3783-5:CNY20.00
    本书图文并茂地讲解了足球运动中的技巧。内容包括热身与伸展;上体伸展运动;整理活动;比赛淡季的训练;赛季前的常规训练等。
●
相关链接 在E读中查询图书 在五车中查询图书 在当当中查询图书 在豆瓣中查询图书


正题名:顶级教练教你踢足球     索取号:G843.19/189         预约/预借

序号 登录号 条形码 馆藏地/架位号 状态 备注
1 0342572   203425720   第一样本阅览室/ [索取号:G843.19/189] 在馆    
2 0342573   203425739   第四借阅区/ [索取号:G843.19/189] 在馆    
3 0342574   203425748   第四借阅区/ [索取号:G843.19/189] 在馆    
4 0342575   203425757   第四借阅区/ [索取号:G843.19/189] 在馆    
5 0342576   203425766   第四借阅区/ [索取号:G843.19/189] 在馆    
唐山师范学院图书馆 欢迎您!
大连网信软件有限公司© 版权所有